Liverpool Squad 2020/21 - Statistics

General Stats
  • This quiz has been taken 60 times
  • The average score is 26 of 36
Answer Stats
Number Position Nation Player % Correct
1 GK Brazil Alisson
100%
4 DF Netherlands Virgil Van Dijk
100%
11 FW Egypt Mohamed Salah
98%
9 FW Brazil Roberto Firmino
98%
10 FW Senegal Sadio Mane
98%
14 MF England Jordan Henderson
94%
26 DF Scotland Andrew Robertson
92%
32 DF Cameroon Joel Matip
92%
27 FW Belgium Divock Origi
90%
8 MF Guinea Naby Keita
90%
7 MF England James Milner
88%
12 DF England Joe Gomez
88%
20 FW Portugal Diogo Jota
87%
3 DF Brazil Fabinho
87%
66 DF England Trent Alexander-Arnold
87%
23 MF Switzerland Xherdan Shaqiri
87%
5 MF Netherlands Georginio Wijnaldum
85%
18 ( Out on Loan ) FW Japan Takumi Minamino
85%
6 MF Spain Thiago Alcantara
85%
13 GK Spain Adrian
83%
22 ( Out on Loan ) GK Germany Loris Karius
75%
17 MF England Curtis Jones
67%
21 DF Greece Kostas Tsimikas
63%
15 MF England Alex Oxlade-Chamberlain
60%
62 GK Ireland Caoimhin Kelleher
60%
76 DF Wales Neco Williams
60%
46 DF England Rhys Williams
60%
16 ( Out on Loan ) MF Serbia Marko Grujic
56%
47 DF England Nathaniel Phillips
50%
67 ( Out on Loan ) FW England Harvey Elliott
40%
72 DF Netherlands Sepp Van Den Berg
35%
58 MF Wales Ben Woodburn
27%
59 ( Out on Loan ) FW Wales Harry Wilson
27%
54 ( Out on Loan ) FW England Sheyi Ojo
23%
73 ( Out on Loan ) GK Poland Kamil Grabara
19%
- GK Brazil Marcelo Pitaluga
17%
No matching quizzes found
Score Distribution
Percent of People with Each Score
Percentile by Number Answered
Your Score History
You have not taken this quiz